000 00313 a2200157 4500
001 167627
020 _a
040 _cMagnum
100 _aMartins, Ibiapaba
240 1 0 _aO homem sem nome
_lpor
245 1 0 _aO homem sem nome
362 0 _a1899
440 1 _aNacional
697 _aIJ/CONTOS
942 _cBK
999 _c167627
_d167627